Harry Styles - Adore You Lyrics - Statistics

General Stats
  • This quiz has been taken 757 times
  • The average score is 201 of 232
Answer Stats
Lyric % Correct
you
100%
i
99%
adore
97%
just
97%
let
97%
me
97%
walk
96%
for
95%
your
95%
do
93%
fire
93%
in
93%
it
90%
on
90%
paradise
90%
so
89%
honey
88%
through
88%
oh
87%
mind
86%
rainbow
86%
the
86%
to
86%
don't
85%
have
85%
say
84%
believe
83%
lipstick
83%
strawberry
83%
love
82%
of
82%
only
81%
ever
80%
eyes
80%
get
80%
inside
80%
mine
80%
thing
80%
you're
80%
i'll
79%
lost
79%
state
77%
it's
76%
nothing
76%
would
75%
i'd
74%
like
70%
my
70%
something
68%
tell
68%
wanna
66%
and
60%
been
60%
over
58%
you've
58%
lately
56%
summer
56%
wonder
56%
skin
53%
under
52%
brown
50%
lemon
49%
skies
47%
ice
43%
No matching quizzes found
Score Distribution
Percent of People with Each Score
Percentile by Number Answered
Your Score History
You have not taken this quiz